A CRITICAL ANALYSIS OF NATIONAL APPRENTICESHIP TRAINING SCHEME [NATS] AND ITS EMPLOYABILITY ON TECHNICAL GRADUATES : A CASE STUDY OF THE EASTERN REGION (Record no. 8728)

MARC details
000 -LEADER
fixed length control field 00434nam a22001217a 4500
005 - DATE AND TIME OF LATEST TRANSACTION
control field 20250225144023.0
008 - FIXED-LENGTH DATA ELEMENTS--GENERAL INFORMATION
fixed length control field 250225b |||||||| |||| 00| 0 eng d
100 ## - MAIN ENTRY--AUTHOR NAME
Personal name AHMAD, DR. S.M. EJAZ
245 ## - TITLE STATEMENT
Title A CRITICAL ANALYSIS OF NATIONAL APPRENTICESHIP TRAINING SCHEME [NATS] AND ITS EMPLOYABILITY ON TECHNICAL GRADUATES : A CASE STUDY OF THE EASTERN REGION
260 ## - PUBLICATION, DISTRIBUTION, ETC. (IMPRINT)
Place of publication NEW DELHI
Name of publisher BLUE ROSE ONE
Year of publication 2024
300 ## - PHYSICAL DESCRIPTION
Number of Pages 204;P
942 ## - ADDED ENTRY ELEMENTS (KOHA)
Koha item type Books
Holdings
Lost status Damaged status Collection code Home library Current library Shelving location Date acquired Source of acquisition Cost, normal purchase price Full call number Accession Number Koha item type
    ENGLISH LITERATURE JRU Library JRU Library SHELF-103-A 25/02/2025 DONATED 1893.00 370.72 0058/D Journals/Serial